00505nam a2200157Ia 45000030006000000080041000060400015000471000016000622450087000782600009001655460012001749420012001869990017001980050017002159520115002320STCL150530s9999 xx 000 0 und d aSTCLcSTCL aBirla, L.N. aStruggle for growth an enquiry into the causes of povery and prosperity of nations c1969 aEnglish 2ddccBK c12373d1237320220125165623.0 00102ddc4070aSTCALbSTCALcGENd2015-05-30g12.00l0o338.9-443p3656r2015-05-30 00:00:00w2015-05-30yBK